Every Nobel Peace Prize Winner Since 1975 - Statistics

General Stats
  • This quiz has been taken 9 times
  • The average score is 4 of 71
Answer Stats
Year Answer % Correct
2009 Barack Obama
100%
2002 Jimmy Carter
50%
2007 Al Gore
38%
1993 Nelson Mandela
38%
1984 Desmond Tutu
25%
1978 Menachem Begin
25%
1979 Mother Teresa
25%
1994 Yasser Arafat
25%
1993 Frederick Williem De Klerk
13%
1990 Mikhail Gorbachev
13%
1978 Muhammad Anwar el-Sadat
13%
2019 Abiy Ahmed
0%
1980 Adolfo Perez Esquivel
0%
2022 Ales Bialiatski
0%
1982 Alfonso Garcia Robles
0%
1982 Alva Myrdal
0%
1977 Amnesty International
0%
1975 Andrei Sakharov
0%
1991 Aung San Suu Kyi
0%
1976 Betty Williams
0%
1996 Carlos Filipe Ximenes Belo
0%
2022 Centre for civil liberties
0%
1998 David Trimble
0%
2018 Denis Mukwege
0%
2021 Dmitry Muratov
0%
1986 Elie Wiesel
0%
2011 Ellen Johnson Sirleaf
0%
2012 European Union
0%
2006 Grameen Bank
0%
2007 Intergovernmental Panel on Climate Change
0%
2005 International Atomic Energy Agency
0%
2017 International Campaign to Abolish Nuclear Weapons
0%
1997 International Campaign To Ban Landmines
0%
1985 International Physicians for the Prevention of Nuclear War
0%
1997 Jody Williams
0%
1998 John Hume
0%
1995 Joseph Rotblat
0%
1996 Jose Ramos-Horta
0%
2016 Juan Manuel Santos
0%
2014 Kailash Satyarthi
0%
2000 Kim Dae-Jung
0%
2001 Kofi Annan
0%
1983 Lech Walesa
0%
2011 Leymah Gbowee
0%
2010 Liu Xiaobo
0%
1976 Mairead Corrigan
0%
2014 Malala Yousafzai
0%
2021 Maria Ressa
0%
2008 Martti Ahtisarri
0%
1999 Medecins Sans Frontieres
0%
2022 Memorial
0%
2005 Mohammed ELBaradei
0%
2006 Muhammed Yunus
0%
2018 Nadia Murad
0%
2023 Narges Mohammadi
0%
2024 Nihon Hidankyo
0%
1981 Office of the United Nations High Commissioner for Refugees
0%
2013 Organisation for the Prohibition for Chemical Weapons
0%
1987 Oscar Arias
0%
1995 Pugwash Conferences on Science and Wolrd Affairs
0%
1992 Rigoberta Menchu
0%
1994 Shimon Peres
0%
2003 Shirin Ebadi
0%
2011 Tawakkul Karman
0%
1989 Tension Gyatso
0%
2015 Tunisian National Dialogue Quartet
0%
2001 United Nations
0%
1988 United Nations Peace Keeping Forces
0%
2004 Wangari Muta Maathai
0%
2020 World food programme
0%
1994 Yitzhak Rabin
0%
No matching quizzes found
Score Distribution
Percent of People with Each Score
Percentile by Number Answered
Your Score History
You have not taken this quiz